000 01132nam a22002777a 4500
003 dpl
005 20180615170143.0
008 161024b xxu||||| |||| 00| 0 eng d
010 _aA-657044
020 _c30.00
035 _aA-657044, A-657050
037 _bCen Lib/Ret
040 _aDPL
_bHN
_c0
082 _aके
_bसिन्हा
100 _aसिन्हा, अनिरुद्ध
_950940
245 _aऔर वे चुप हो गए :
_cअनिरुद्ध सिन्हा
_bकहानी संग्रह /
246 _aAur ve chup ho gae : kanani sangreh /
_bby Anirudh Sinha
260 _aपटना
_bसंजय प्रकाशन
_c1993
270 _bपटना
_aरामपुर डुमरा
_e803305
300 _a89पृ.
_c21सेमी(सजिल्द)
650 _aहिंदी साहित्य
_950941
650 _aहिंदी साहित्य -- कहानियां
_942761
650 _aHindi literature
_950942
650 _aHindi literature -- Stories
_950943
942 _2ddc
_cHN
_hके
_mसिन्हा
999 _c113159
_d113159